000 00496nam a2200193 a 4500
001 1768630936494
003 YourLibrary
005 20260117115418.0
008 260117s2003##################000#0#eng##
020 _a9780750655231
082 0 4 _a618.2
_bYAT
100 1 _aYates, Suzanne,
_eauthor.
245 1 0 _aShiatsu for Midwives :
260 _bBooks for Midwives Press,
_c2003.
300 _a188 pages
650 0 _aMedical.
942 _cENGLISH
040 _aYourLibrary
_beng
_cYourLibrary
999 _c608443
_d608443